La nueva modalidad del desarrollo agroindustrial cañero en Costa Rica. Estudio de caso
Gespeichert in:
| 1. Verfasser: | |
|---|---|
| Format: | Abschlussarbeit |
| Veröffentlicht: |
San Pedro de M. de O.:
UCR. Sistema de Estudios de Posgrado
|
| Schlagworte: | |
| Tags: |
Tag hinzufügen
Keine Tags, Fügen Sie den ersten Tag hinzu!
|
MARC
| LEADER | 00000 a a2200000 04500 | ||
|---|---|---|---|
| 001 | 15045 | ||
| 003 | |||
| 040 | |||
| 090 | |a 023800 | ||
| 100 | |a Li Kam, Sui Moy | ||
| 245 | |a La nueva modalidad del desarrollo agroindustrial cañero en Costa Rica. Estudio de caso | ||
| 260 | |a San Pedro de M. de O.: |b UCR. Sistema de Estudios de Posgrado | ||
| 300 | |a 17; 186 p. | ||
| 500 | |a También EN: Serie: Investigaciones (UCR. IIS), n° 3, 1982, 162 p. # acceso CIDCACS: 121200 | ||
| 502 | |a Tesis (MSC. Sociología) -- Sistema de Estudios de Posgrado. UCR - CLACSO, 1982 | ||
| 650 | |a MANO DE OBRA | ||
| 650 | |a AGROINDUSTRIA | ||
| 650 | |a CAÑA DE AZUCAR | ||
| 650 | |a DESARROLLO ECONOMICO | ||
| 650 | |a CENTRAL AZUCARERA DEL TEMPISQUE, CR | ||
| 650 | |a SALARIOS | ||
| 650 | |a EMPRESAS | ||
| 650 | |a PUB.IIS | ||
| 999 | |c 10744 |d 10744 | ||
